The drawings of Georges Seurat

Na minha lista:
Detalhes bibliográficos
Autor principal: Seurat, Georges (Author)
Formato: Livro
Idioma:inglês
Publicado em: Nueva York Dover 1971
Colecção:Collections of Fine Art in Dover Books
Assuntos:
Tags: Adicionar Tag
Sem tags, seja o primeiro a adicionar uma tag!

MARC

LEADER 00000nam a2200000 a 4500
001 UCT3953
003 CL-VaPUC
008 961031e19710000US |||||||||||||||||eng|d
082 0 4 |a 741.092  |b SEU  |2 21 
100 0 |a Seurat, Georges  |e author  |9 347272 
245 1 4 |a The drawings of Georges Seurat 
300 |a Pag. irreg 
942 |c BK 
945 |d 19961031 00:00:00  |a rleighto 
260 |a Nueva York  |b Dover  |c 1971 
650 0 |a Dibujos  |9 264123 
650 0 |a Artistas   |9 262026 
650 0 |a Obras de arte  |9 337253 
650 0 |a Pintores franceses   |9 340354 
650 0 |a Pintura francesa  |9 266122 
583 |a last modification  |c 19961031 00:00:00  |k Rodrigo Vera 
490 0 |a Collections of Fine Art in Dover Books 
999 |c 253447  |d 253445 
952 |0 0  |1 0  |4 0  |6 741_092000000000000_SEU_1971  |7 0  |8 A  |9 274307  |a BIBARQ  |b BIBARQ  |d 2019-11-19  |i 3244121  |o 741.092 SEU 1971  |p 3244121  |r 2025-01-20  |w 2019-11-19  |y BK  |k ARQ